000 01138nam a2200337 i 4500
003 EG-GICUC
005 20260508172942.0
008 260418s1936 fr ||||fr|||| 00| 0 fre d
040 _aEG-GiCUC
_bfre
_cEG-GiCUC
_dEG-GiCUC
_eRda
041 1 _afre
082 0 4 _221
_a343.9040
_bMA . A
092 0 4 _221
099 _aLaw1 10 343.9040 MA . A 6 ed - 1936
100 1 _aMann, Thomas
_eAuteur
245 1 0 _aAvertissement à l’Europe /
_cpar Thomas Mann, d’André Gide, Rainer Biemel.
250 _aSixième édition
264 0 _aGallimard :
_b[Lieu de publication non identifié],
_c1936.
300 _a60 page ;
_c 24 cm.
336 _2rda contenu
_a texte
337 _2rda medias
_aOrdinateur
338 _2 transporteur rda
_a Ressource en ligne
504 _aComprend des références bibliographiques et un index.
546 _aTraduit de l’anglais
650 1 _aDroit pénal — France
_2qrmak
651 1 _2qrmak
700 1 _aGide, André
_ePréfacier
700 1 _aBiemel, Rainer
_eTraducteur
856 4 0 _uhttps://fll.law.cu.edu.eg/fulltext/bks/B10-00681.pdf
905 _a74
942 _2ddc
_n0
_cBK
_e21
999 _c71656
_d71656